| 000 | 00366nam a2200133Ia 4500 | ||
|---|---|---|---|
| 005 | 20251222141809.0 | ||
| 008 | 251222s9999||||xx |||||||||||||| ||spa|| | ||
| 020 | _a84-86809-90-8 | ||
| 082 | _a382.614.6/M19 | ||
| 100 | _aMallol Ferrándiz, José | ||
| 245 | 0 | _aAlicante y El Comercio de la Nieve en la Edad Moderna | |
| 264 | _bUniversidad de Alicante | ||
| 942 | _cLIB | ||
| 999 |
_c6409 _d6409 |
||